000
00348nam a2200145Ia 4500
008
220216s9999 xx 000 0 und d
100
_a
Jacob K T
245
0
_a
Planting materials and planting
260
_b
Rubber Board Bulletin
_c
1967
300
_a
17-Oct
650
_a
India
650
_a
Planting materials
650
_a
Rubber
942
_c
JS
999
_c
65146
_d
65146